Olympia 2024 - Teilnehmerländer Hockey FRAUEN - Statistiken

Allgemein
  • Dieses Quiz wurde 22 mal gespielt
  • Das Durchschnittsergebnis liegt bei 9 aus 12
Antwortstatistiken
Nation % Korrekt
Deutschland
100%
Niederlande
100%
Frankreich
94%
Spanien
89%
Belgien
83%
China
83%
Argentinien
78%
Australien
78%
Vereinigte Staaten
78%
Großbritannien
50%
Japan
50%
Südafrika
17%
Keine übereinstimmenden Quizze gefunden
Verteilung der Resultate
Anzahl Personen mit jedem Resultat
Perzentil nach korrekt beantworteten Fragen
Ihre Resultats-Entwicklung
Sie haben dieses Quiz noch nicht gespielt